| 000 | 00701cam a2200205 a 4500 | ||
|---|---|---|---|
| 003 | CO-ViMGA | ||
| 008 | 141028t 2010ck a r 000 j spa d | ||
| 020 | _a9789583031939 | ||
| 040 |
_aCO-ViMGA _bspa _cCO-ViMGA |
||
| 082 | 0 | 4 |
_aI808.068 _bD42i _221 |
| 100 | 1 |
_aDiéz, Horacio _91009 |
|
| 245 | 0 | 3 |
_aEl increíble mundo de los piratas _cilustraciones Horacio Díez |
| 260 |
_aBogotá _bPanamericana Editorial _bSusaeta Ediciones _cc2010. |
||
| 300 |
_a1 folleto (48 p.) _bilustraciones _c26 cm. |
||
| 650 | 1 | 4 |
_aLiteratura infantil _9827 |
| 650 | 2 | 4 |
_aLibros ilustrados para niños _987 |
| 650 | 2 | 4 |
_aLibros y lectura para niños _9826 |
| 700 | 1 |
_aDíez Viejobueno, Horacio _eIl. _91010 |
|
| 942 |
_2ddc _cBK |
||
| 999 |
_c12172 _d12172 |
||